Chemical engineering data book (Record no. 36437)

000 -LEADER
fixed length control field 00504nam a22001931 4500
001 - CONTROL NUMBER
control field 36437
003 - CONTROL NUMBER IDENTIFIER
control field BD-DhUET
008 - FIXED-LENGTH DATA ELEMENTS--GENERAL INFORMATION
fixed length control field 871013s1958 enka 000 0 eng u
040 ## - CATALOGING SOURCE
Original cataloging agency DLC
Transcribing agency DLC
Modifying agency BD-DhUET
082 ## - DEWEY DECIMAL CLASSIFICATION NUMBER
Classification number 660.28
Item number ROS/1962
100 ## - MAIN ENTRY--PERSONAL NAME
Personal name Ross, T. K.
245 00 - TITLE STATEMENT
Title Chemical engineering data book
250 ## - EDITION STATEMENT
Edition statement 1st ed.
260 ## - PUBLICATION, DISTRIBUTION, ETC. (IMPRINT)
Place of publication, distribution, etc. London
Name of publisher, distributor, etc. Leonard Hill
Date of publication, distribution, etc. 1962
300 ## - PHYSICAL DESCRIPTION
Extent x,998p.
Other physical details ill.
Dimensions 22 cm.
650 #0 - SUBJECT ADDED ENTRY--TOPICAL TERM
Topical term or geographic name as entry element Chemical engineering-Data processing
700 1# - ADDED ENTRY--PERSONAL NAME
Personal name Freshwater, D. C.
942 ## - ADDED ENTRY ELEMENTS (KOHA)
Koha item type General Book
Holdings
Koha full call number Shelving location Koha date last seen Sublocation or collection (holding branch) Damaged status Copy number Piece designation (barcode) Koha normalized classification for sorting Not for loan Location (home branch) Date acquired Koha item type Withdrawn status Price effective from Source of classification or shelving scheme Lost status
660.28/ROS/1962Reference section2016-01-07Central Library, BUET 122468660_280000000000000_ROS_1962 Central Library, BUET2016-01-07General Book 2016-01-07  
660.28/ROS/1962Reference section2016-01-07Central Library, BUET 222469660_280000000000000_ROS_1962 Central Library, BUET2016-01-07General Book 2016-01-07  
660.28/ROS/1962Reference section2016-01-07Central Library, BUET 322474660_280000000000000_ROS_1962 Central Library, BUET2016-01-07General Book 2016-01-07  
660.28/ROS/1962Reference section2016-01-07Central Library, BUET 422473660_280000000000000_ROS_1962 Central Library, BUET2016-01-07General Book 2016-01-07  
660.28/ROS/1962Reference section2016-01-07Central Library, BUET 522470660_280000000000000_ROS_1962 Central Library, BUET2016-01-07General Book 2016-01-07  
660.28/ROS/1962Reference section2016-01-07Central Library, BUET 622471660_280000000000000_ROS_1962 Central Library, BUET2016-01-07General Book 2016-01-07  
660.28/ROS/1962Reference section2016-01-07Central Library, BUET 722475660_280000000000000_ROS_1962 Central Library, BUET2016-01-07General Book 2016-01-07  
660.28/ROS/1962Reference section2016-01-07Central Library, BUET 812046660_280000000000000_ROS_1962 Central Library, BUET2016-01-07General Book 2016-01-07